| 000 | 00747nam0a22002291 4500 | ||
|---|---|---|---|
| 001 | rc\3045299 | ||
| 005 | 20111007134151.0 | ||
| 035 | _a(NLR Aleph) 007185104 | ||
| 090 |
_a7481566 _c7481566 |
||
| 100 | _a20111007d1940 |||y0rusy50 ca | ||
| 101 | 0 | _arus | |
| 102 | _aRU | ||
| 105 | _ay z ||||| | ||
| 200 | 1 |
_aЛибретто пьесы "Арн Фридман" _fС. Галкин _gМоск. гос. еврейский театр |
|
| 210 |
_a[Москва] _cБ. и. _d[1940] _gПолиграфинститут |
||
| 215 |
_a18, [1] с. _d15 см |
||
| 700 | 1 |
_aГалкин _bС. З. _f1897-1960 _gСамуил Залманович |
|
| 801 | 0 |
_aRU _bNLR _gpsbo |
|
| 801 | 1 |
_aRU _bELAR _2rusmarc |
|
| 852 |
_aNLR _j40-8/1301 |
||
| 942 | _cBOOK | ||
| 980 | _aNB | ||